[Event "Southend op"]
[Site "Southend"]
[Date "2024.03.29"]
[Round "4"]
[White "Badacsonyi, Frankie"]
[Black "Ribeiro, Rodrigo"]
[Result "1-0"]
[WhiteElo "2160"]
[BlackElo "2271"]
[PlyCount "77"]
[EventDate "2024.03.28"]
[EventType "swiss"]
[EventRounds "9"]
[EventCountry "ENG"]
[SourceTitle "CB14_2024"]
[SourceDate "2024.04.01"]
[SourceVersion "1"]
[SourceVersionDate "2024.04.01"]
[SourceQuality "1"]

1. d4 d5 2. c4 e6 3. Nf3 Nf6 4. g3 c6 5. Bg2 dxc4 6. Ne5 Be7 7. Nxc4 0-0 8. 0-0 Nbd7 9. Nc3 Nb6 10. Ne5 Nfd5 11. Nd3 Re8 12. Qc2 Nb4 13. Nxb4 Bxb4 14. Rd1 Bd6 15. Ne4 Bc7 16. Ng5 g6 17. Ne4 Nd7 18. b3 Qe7 19. Bb2 f5 20. Nd2 e5 21. d5 c5 22. Nc4 Bd6 23. Nxd6 Qxd6 24. Qc3 b5 25. e4 fxe4 26. Bxe4 a5 27. Bg2 Nb6 28. f4 b4 29. Qe3 e4 30. Be5 Rxe5 31. fxe5 Qxe5 32. Qxe4 Qxe4 33. Bxe4 Bb7 34. Rac1 Rc8 35. Bg2 Nd7 36. Bh3 Rd8 37. Bxd7 Rxd7 38. Rxc5 Kf7 39. Rxa5 1-0

[Event "London IM"]
[Site "London"]
[Date "2023.12.09"]
[Round "9"]
[White "Ribeiro, Rodrigo"]
[Black "Large, Peter G"]
[Result "0-1"]
[WhiteElo "2126"]
[BlackElo "2273"]
[PlyCount "92"]
[EventDate "2023.12.05"]
[EventType "tourn"]
[EventRounds "9"]
[EventCountry "ENG"]
[SourceTitle "CB50_2023"]
[SourceDate "2023.12.13"]
[SourceVersion "1"]
[SourceVersionDate "2023.12.13"]
[SourceQuality "1"]
[WhiteTeam "Norm Seeker III"]
[BlackTeam "GM/IM Team"]
[WhiteTeamCountry "ENG"]
[BlackTeamCountry "ENG"]

1. d4 e6 2. c4 Nf6 3. Nf3 b6 4. g3 Ba6 5. Qa4 c6 6. Nc3 b5 7. cxb5 cxb5 8. Nxb5 Qb6 9. e3 Bb7 10. Qd1 Bb4+ 11. Nc3 Ne4 12. Bg2 Nxc3 13. bxc3 Bxc3+ 14. Bd2 Bxa1 15. Qxa1 0-0 16. 0-0 Be4 17. Ne5 Bxg2 18. Kxg2 d6 19. Nf3 Nd7 20. Bc3 Rfc8 21. Rc1 Nf6 22. Nd2 Qb7+ 23. Kg1 Ne4 24. Nxe4 Qxe4 25. Bb4 Rc6 26. Rxc6 Qxc6 27. Qb2 Rc8 28. Qb3 h6 29. Qd3 Rb8 30. a3 Rb5 31. e4 a5 32. Bd2 d5 33. a4 Rb2 34. Bxa5 dxe4 35. Qc3 Rb1+ 36. Kg2 Qxa4 37. d5 Qb5 38. g4 Qxd5 39. Qc2 e3+ 40. f3 Ra1 41. Qc8+ Kh7 42. Bb4 Ra2+ 43. Kg3 Qe5+ 44. f4 Qe4 45. f5 Rg2+ 46. Kh4 Qxg4# 0-1

[Event "London IM"]
[Site "London"]
[Date "2023.12.07"]
[Round "6"]
[White "Ribeiro, Rodrigo"]
[Black "Shearsby, Jude"]
[Result "1-0"]
[WhiteElo "2126"]
[BlackElo "2159"]
[PlyCount "147"]
[EventDate "2023.12.05"]
[EventType "tourn"]
[EventRounds "9"]
[EventCountry "ENG"]
[SourceTitle "CB50_2023"]
[SourceDate "2023.12.13"]
[SourceVersion "1"]
[SourceVersionDate "2023.12.13"]
[SourceQuality "1"]
[WhiteTeam "Norm Seeker III"]
[BlackTeam "Norm Seeker II"]
[WhiteTeamCountry "ENG"]
[BlackTeamCountry "ENG"]

1. d4 Nc6 2. Nf3 d6 3. c4 Nf6 4. g3 g6 5. Bg2 Bg7 6. 0-0 0-0 7. b3 e5 8. dxe5 dxe5 9. Bb2 Nd7 10. Nfd2 Nd4 11. e3 Ne6 12. Nc3 f5 13. Qc2 c6 14. Rad1 Qg5 15. Ne2 Qh5 16. Nf3 Rf7 17. b4 g5 18. b5 g4 19. Ne1 cxb5 20. cxb5 Rf6 21. Bd5 Nb6 22. f4 Nxd5 23. Rxd5 Rh6 24. Rf2 b6 25. Bxe5 Bb7 26. Bxg7 Bxd5 27. Bxh6 Be4 28. Qc4 Qxh6 29. Nd4 Re8 30. Rd2 Kf8 31. Nxe6+ Qxe6 32. Qxe6 Rxe6 33. Kf2 Ke7 34. Nc2 Kf6 35. Nb4 h6 36. Ke2 Bf3+ 37. Kd3 Rd6+ 38. Kc3 Re6 39. Nc2 Ke7 40. Rd4 Ke8 41. a4 h5 42. Kd2 Rh6 43. Ne1 Be4 44. Nd3 h4 45. Nf2 hxg3 46. hxg3 Rh2 47. Ke1 Bf3 48. Kf1 Rg2 49. e4 Rxg3 50. exf5 Rg2 51. Rd3 Rh2 52. Re3+ Kf7 53. Rc3 Kf6 54. Rxf3 Kxf5 55. Rg3 Rh4 56. Kg2 Kxf4 57. Rc3 Kf5 58. Rc4 Ke5 59. Nxg4+ Kd6 60. Kf3 Rh3+ 61. Ke4 Ra3 62. Ne3 Ra1 63. Kd4 Ra2 64. Nc2 Rb2 65. Kc3 Rb1 66. Rg4 Rh1 67. Rg7 Rh3+ 68. Kc4 Rh4+ 69. Nd4 Ke5 70. Re7+ Kd6 71. Rxa7 Ke5 72. Re7+ Kd6 73. Re6+ Kd7 74. Rxb6 1-0

[Event "London IM"]
[Site "London"]
[Date "2023.12.06"]
[Round "4"]
[White "Cerveny, Martin"]
[Black "Ribeiro, Rodrigo"]
[Result "0-1"]
[WhiteElo "2390"]
[BlackElo "2126"]
[PlyCount "126"]
[EventDate "2023.12.05"]
[EventType "tourn"]
[EventRounds "9"]
[EventCountry "ENG"]
[SourceTitle "CB50_2023"]
[SourceDate "2023.12.13"]
[SourceVersion "1"]
[SourceVersionDate "2023.12.13"]
[SourceQuality "1"]
[WhiteTeam "GM/IM Team"]
[BlackTeam "Norm Seeker III"]
[WhiteTeamCountry "ENG"]
[BlackTeamCountry "ENG"]

1. Nf3 Nf6 2. c4 c5 3. Nc3 Nc6 4. g3 b6 5. Bg2 Bb7 6. 0-0 g6 7. e3 Bg7 8. d4 cxd4 9. exd4 0-0 10. Bg5 h6 11. Bxf6 Bxf6 12. Rc1 d6 13. h4 Qd7 14. Kh2 Bc8 15. Re1 Rb8 16. Nd5 Bg7 17. b4 e6 18. b5 exd5 19. bxc6 Qxc6 20. Ng1 Qd7 21. cxd5 Bb7 22. Nh3 Rbc8 23. Rxc8 Rxc8 24. Nf4 Re8 25. Re3 b5 26. Qe2 Rxe3 27. fxe3 a6 28. h5 g5 29. Nd3 a5 30. Nc1 Bf6 31. Qf1 Kg7 32. Be4 Bc8 33. Bd3 b4 34. Nb3 Bd8 35. Nd2 Qa4 36. Bb1 Bg4 37. Qd3 Qd1 38. Nc4 Qxd3 39. Bxd3 Bc7 40. e4 f6 41. e5 fxe5 42. dxe5 dxe5 43. d6 Bd8 44. Nxe5 Be6 45. Bb1 Kf6 46. Nd3 Bb6 47. Kg2 Bg4 48. Nb2 Bxh5 49. Nc4 Bd8 50. Ne3 Ke5 51. g4 Bf7 52. d7 Be6 53. Kf3 Bxd7 54. Bc2 a4 55. Ke2 Kf4 56. Bd1 Bxg4+ 57. Nxg4 Kxg4 58. Bxa4 Kg3 59. Be8 g4 60. Kf1 Bb6 61. Bh5 Kh3 62. Bf7 g3 63. Bd5 h5 0-1

[Event "Senta Fantastico IM 10"]
[Site "Senta"]
[Date "2023.10.27"]
[Round "7.2"]
[White "Al Saleh, Mohammad"]
[Black "Ribeiro, Rodrigo"]
[Result "0-1"]
[WhiteElo "1925"]
[BlackElo "2154"]
[PlyCount "76"]
[EventDate "2023.10.23"]
[EventType "tourn"]
[EventRounds "9"]
[EventCountry "SRB"]
[SourceTitle "Mega2024 Update 01"]
[Source "Chessbase"]
[SourceDate "2023.11.12"]
[SourceVersion "1"]
[SourceVersionDate "2023.11.12"]
[SourceQuality "1"]
[WhiteTeam "Team C"]
[BlackTeam "Team D"]
[WhiteTeamCountry "SRB"]
[BlackTeamCountry "SRB"]

1. e4 c5 2. Nf3 e6 3. d4 cxd4 4. Nxd4 a6 5. Nc3 Qc7 6. g3 Bb4 7. Bd2 Nc6 8. Nb3 b6 9. Bg2 Nf6 10. 0-0 Bb7 11. Re1 0-0 12. e5 Ne8 13. Qh5 d6 14. exd6 Bxd6 15. Ne4 Be7 16. Bc3 Nb4 17. Nd4 Nd5 18. Bd2 Nef6 19. Qe2 Nxe4 20. Qxe4 Bf6 21. Nxe6 fxe6 22. Qxe6+ Qf7 23. c4 Bxb2 24. Rad1 Qxe6 25. Rxe6 Nc7 26. Bxb7 Nxe6 27. Bxa8 Rxa8 28. Be3 b5 29. c5 Rc8 30. Rd5 Rd8 31. Rxd8+ Nxd8 32. Kg2 Kf7 33. Kf3 Ke6 34. Ke4 Nc6 35. f4 Nb4 36. f5+ Kd7 37. Bd2 Nxa2 38. Kd5 Nc3+ 0-1

[Event "Senta Fantastico IM 10"]
[Site "Senta"]
[Date "2023.10.24"]
[Round "3.2"]
[White "Ribeiro, Rodrigo"]
[Black "Milosevic, Milos"]
[Result "0-1"]
[WhiteElo "2154"]
[BlackElo "2381"]
[PlyCount "118"]
[EventDate "2023.10.23"]
[EventType "tourn"]
[EventRounds "9"]
[EventCountry "SRB"]
[SourceTitle "Mega2024 Update 01"]
[Source "Chessbase"]
[SourceDate "2023.11.12"]
[SourceVersion "1"]
[SourceVersionDate "2023.11.12"]
[SourceQuality "1"]
[WhiteTeam "Team D"]
[BlackTeam "Team A"]
[WhiteTeamCountry "SRB"]
[BlackTeamCountry "SRB"]

1. d4 Nf6 2. c4 g6 3. Nc3 d5 4. Bf4 Bg7 5. e3 0-0 6. Nf3 c5 7. dxc5 Qa5 8. Nd2 dxc4 9. Qa4 Qxc5 10. Qxc4 Qh5 11. Be2 Bg4 12. Nf3 Nc6 13. 0-0 Rac8 14. h3 Be6 15. Qa4 Qa5 16. Qxa5 Nxa5 17. Nd4 Bc4 18. Be5 Bxe2 19. Ncxe2 Nc4 20. Bxf6 Bxf6 21. b3 Na3 22. Rac1 e5 23. Nf3 Rfd8 24. e4 Nb5 25. Rfe1 Rxc1 26. Rxc1 Nd6 27. Ng3 h5 28. h4 Nb5 29. Nf1 Nd4 30. Nxd4 exd4 31. g3 Be7 32. Rd1 d3 33. Kg2 Bc5 34. Kf3 Rd6 35. e5 Rd5 36. Ke4 Rd4+ 37. Kf3 a5 38. Nd2 Kg7 39. Nc4 a4 40. Rd2 a3 41. Rd1 b5 42. Ne3 Bb6 43. Nf1 Rd5 44. Ke4 Rd4+ 45. Kf3 Kf8 46. Kg2 Ke7 47. f4 Re4 48. Kf3 Re2 49. Rd2 Re1 50. Nh2 Re3+ 51. Kg2 Ba5 52. Rd1 Re2+ 53. Kh1 d2 54. Nf3 Re1+ 55. Nxe1 dxe1Q+ 56. Rxe1 Bxe1 57. Kg2 Ke6 58. Kf3 Kf5 59. Kg2 Kg4 0-1

[Event "Famalicao op 10th"]
[Site "Vila Nova de Famalicao"]
[Date "2023.07.25"]
[Round "3"]
[White "Ribeiro, Rodrigo"]
[Black "Pein, Malcolm"]
[Result "1/2-1/2"]
[WhiteElo "1903"]
[BlackElo "2303"]
[PlyCount "48"]
[EventDate "2023.07.24"]
[EventType "swiss"]
[EventRounds "9"]
[EventCountry "POR"]
[SourceTitle "EXT 2024"]
[Source "ChessBase"]
[SourceDate "2023.10.10"]
[SourceVersion "1"]
[SourceVersionDate "2023.10.10"]
[SourceQuality "1"]

1. d4 Nf6 2. c4 c5 3. d5 d6 4. Nc3 g6 5. e4 Bg7 6. Nf3 0-0 7. Be2 e6 8. 0-0 exd5 9. exd5 Re8 10. h3 Na6 11. a3 Bf5 12. Bd3 Ne4 13. Nxe4 Bxe4 14. Bxe4 Rxe4 15. Qd3 Re8 16. Rb1 Qd7 17. b4 cxb4 18. axb4 b5 19. Be3 Nc7 20. Rfd1 bxc4 21. Qxc4 Nb5 22. Rbc1 Rac8 23. Qd3 Nc3 24. Rd2 Rb8 1/2-1/2

[Event "EU-ch Blitz"]
[Site "Katowice"]
[Date "2022.12.16"]
[Round "3"]
[White "Drazic, Sinisa"]
[Black "Ribeiro, Rodrigo"]
[Result "1/2-1/2"]
[WhiteElo "2372"]
[BlackElo "1953"]
[PlyCount "22"]
[EventDate "2022.12.16"]
[EventType "swiss (blitz)"]
[EventRounds "22"]
[EventCountry "POL"]
[SourceTitle "CBM 211 Extra"]
[Source "ChessBase"]
[SourceDate "2023.01.31"]
[SourceVersion "1"]
[SourceVersionDate "2023.01.31"]
[SourceQuality "1"]

1. d4 d5 2. Bg5 h6 3. Bh4 Nf6 4. Nd2 e6 5. e3 Be7 6. Bd3 0-0 7. c3 c5 8. f4 Nc6 9. Ngf3 c4 10. Bc2 b5 11. 0-0 Bd7 1/2-1/2

[Event "EU-ch Blitz"]
[Site "Katowice"]
[Date "2022.12.16"]
[Round "4"]
[White "Ribeiro, Rodrigo"]
[Black "Drazic, Sinisa"]
[Result "1/2-1/2"]
[WhiteElo "1953"]
[BlackElo "2372"]
[PlyCount "37"]
[EventDate "2022.12.16"]
[EventType "swiss (blitz)"]
[EventRounds "22"]
[EventCountry "POL"]
[SourceTitle "CBM 211 Extra"]
[Source "ChessBase"]
[SourceDate "2023.01.31"]
[SourceVersion "1"]
[SourceVersionDate "2023.01.31"]
[SourceQuality "1"]

1. d4 d5 2. c4 dxc4 3. e4 Nf6 4. Nc3 a6 5. e5 Nd5 6. Bxc4 e6 7. Nge2 Be7 8. 0-0 b5 9. Nxd5 exd5 10. Bd3 c5 11. dxc5 Bxc5 12. Qc2 Bb6 13. Bxh7 Nd7 14. e6 fxe6 15. Nf4 Nf8 16. Bg6+ Kd7 17. Re1 Qf6 18. Bd3 e5 19. Nxd5 1/2-1/2

[Event "Queima das Fitas op"]
[Site "Coimbra"]
[Date "2022.04.24"]
[Round "3"]
[White "Santos, Tomas Afonso Pires"]
[Black "Ribeiro, Rodrigo"]
[Result "1-0"]
[WhiteElo "1487"]
[BlackElo "1944"]
[PlyCount "93"]
[EventDate "2022.04.23"]
[EventType "swiss"]
[EventRounds "7"]
[EventCountry "POR"]
[SourceTitle "EXT 2023"]
[Source "ChessBase"]
[SourceDate "2022.10.05"]
[SourceVersion "1"]
[SourceVersionDate "2022.10.05"]
[SourceQuality "1"]

1. e4 c5 2. Nf3 Nc6 3. d4 cxd4 4. Nxd4 e6 5. Nc3 Nf6 6. Be3 Bb4 7. Bd3 Qa5 8. 0-0 Nxd4 9. Bxd4 e5 10. a3 exd4 11. axb4 Qxb4 12. e5 dxc3 13. exf6 cxb2 14. Rb1 gxf6 15. Qf3 Qc3 16. Rfe1+ Kf8 17. Qf4 Rg8 18. Re3 Qc6 19. Qh6+ Rg7 20. Rg3 d5 21. Re1 Be6 22. Qxg7+ Ke7 23. Rge3 a5 24. Rxe6+ Qxe6 25. Rxe6+ Kxe6 26. c3 a4 27. Qg4+ f5 28. Qe2+ Kf6 29. Qxb2 a3 30. Qxb7 Re8 31. Qa6+ Re6 32. Qxa3 Kg5 33. g3 Rf6 34. Qc5 h5 35. h4+ Kg6 36. Qxd5 Kg7 37. c4 Kg6 38. c5 Kg7 39. c6 Rxc6 40. Qxc6 Kh7 41. Kg2 Kg7 42. Kf3 Kh7 43. Kf4 Kg7 44. Kg5 f4 45. Qh6+ Kg8 46. Kf6 fxg3 47. Qg7# 1-0

[Event "POR-ch U14/20"]
[Site "Fatima"]
[Date "2022.04.12"]
[Round "4"]
[White "Ribeiro, Rodrigo"]
[Black "Vidal Torres, Ricardo"]
[Result "0-1"]
[WhiteElo "1866"]
[BlackElo "2332"]
[PlyCount "122"]
[EventDate "2022.04.10"]
[EventType "swiss"]
[EventRounds "9"]
[EventCountry "POR"]
[SourceTitle "EXT 2023"]
[Source "ChessBase"]
[SourceDate "2022.10.05"]
[SourceVersion "1"]
[SourceVersionDate "2022.10.05"]
[SourceQuality "1"]

1. d4 Nf6 2. c4 e6 3. Nf3 d5 4. Nc3 a6 5. cxd5 exd5 6. Bg5 Be7 7. Qb3 c6 8. e3 0-0 9. Bd3 Nbd7 10. h3 Ne4 11. Bf4 Ndf6 12. Qc2 Re8 13. Be5 Bd6 14. g4 Nxc3 15. bxc3 Ne4 16. Rb1 Ra7 17. Bxe4 dxe4 18. Bxd6 Qxd6 19. Nd2 b5 20. Ke2 f5 21. Rbg1 c5 22. gxf5 Bxf5 23. Rg5 Rf7 24. Rhg1 h6 25. R5g3 c4 26. Qb2 Qf8 27. Qb4 Ree7 28. R1g2 Qd8 29. f4 exf3+ 30. Nxf3 Bd3+ 31. Kd2 Qf8 32. Ne1 Rf2+ 33. Kd1 Rxg2 34. Rxg2 Rxe3 35. Qxf8+ Kxf8 36. Rf2+ Ke7 37. h4 Rh3 38. Nf3 Be4 39. Ne5 Rxc3 40. Re2 Bf5 41. Nxc4+ Kf6 42. Ne5 g5 43. hxg5+ hxg5 44. Rh2 Rh3 45. Rf2 Rh4 46. Nc6 g4 47. Ke2 g3 48. Rf3 g2 49. Kf2 Ke6 50. d5+ Kxd5 51. Ne7+ Ke4 52. Rxf5 Rg4 53. Kg1 Rg7 54. Rf6 Rxe7 55. Rxa6 Kd4 56. Kxg2 Rf7 57. Rc6 Ra7 58. Rc2 Kd3 59. Rb2 Kc4 60. Kf2 Re7 61. Kf3 b4 0-1

[Event "Merida World Heritage op 1st"]
[Site "Merida"]
[Date "2021.08.08"]
[Round "8"]
[White "Gomez Aguirre, Juan Alberto"]
[Black "Ribeiro, Rodrigo"]
[Result "1-0"]
[WhiteElo "1918"]
[BlackElo "1790"]
[PlyCount "73"]
[EventDate "2021.08.04"]
[EventType "swiss"]
[EventRounds "9"]
[EventCountry "ESP"]
[SourceTitle "EXT 2023"]
[Source "ChessBase"]
[SourceDate "2022.10.05"]
[SourceVersion "1"]
[SourceVersionDate "2022.10.05"]
[SourceQuality "1"]

1. d4 d5 2. c4 e6 3. Nc3 Nf6 4. cxd5 exd5 5. Bg5 Nbd7 6. e3 c6 7. Bd3 Be7 8. h3 0-0 9. Qc2 Re8 10. Nf3 Nf8 11. 0-0-0 a5 12. Kb1 b5 13. Ne5 Qb6 14. Bxf6 Bxf6 15. Nxc6 Qxc6 16. Bxb5 Qe6 17. Bxe8 Qxe8 18. Nxd5 Bd8 19. Nc3 Bb7 20. e4 f5 21. Qb3+ Qf7 22. Qxf7+ Kxf7 23. f3 fxe4 24. fxe4 Nd7 25. Rhf1+ Ke8 26. Rf5 g6 27. Rf3 Bf6 28. Re3 Rd8 29. e5 Bg5 30. Re2 Nb6 31. Nb5 Ke7 32. Nd6 Bd5 33. Rc2 Rd7 34. Rc5 Ke6 35. Rxa5 Bd8 36. g3 Nc8 37. Rxd5 1-0

[Event "Merida World Heritage op 1st"]
[Site "Merida"]
[Date "2021.08.05"]
[Round "2"]
[White "Asensio Miranda, Carlos"]
[Black "Ribeiro, Rodrigo"]
[Result "0-1"]
[WhiteElo "1475"]
[BlackElo "1790"]
[PlyCount "120"]
[EventDate "2021.08.04"]
[EventType "swiss"]
[EventRounds "9"]
[EventCountry "ESP"]
[SourceTitle "EXT 2023"]
[Source "ChessBase"]
[SourceDate "2022.10.05"]
[SourceVersion "1"]
[SourceVersionDate "2022.10.05"]
[SourceQuality "1"]

1. e4 c5 2. Nf3 Nc6 3. d4 cxd4 4. Nxd4 e6 5. c4 Bc5 6. Nc2 Qh4 7. Qe2 Nf6 8. Nc3 d6 9. Be3 Nxe4 10. Nxe4 Qxe4 11. Bxc5 Qxe2+ 12. Bxe2 dxc5 13. 0-0 b6 14. Bf3 Bb7 15. Bxc6+ Bxc6 16. Rad1 Ke7 17. f3 Rad8 18. Kf2 b5 19. Ne3 bxc4 20. Nxc4 Bb5 21. Na5 Rxd1 22. Rxd1 Rc8 23. b3 Bc6 24. Nc4 Bd5 25. Ne3 Rd8 26. Rc1 Kd6 27. Rd1 Kc7 28. Rc1 Kb6 29. Rd1 f6 30. f4 Kc6 31. Rc1 a5 32. Rd1 Rd7 33. Nc4 Ra7 34. Rd2 a4 35. Rc2 axb3 36. axb3 Ra6 37. h4 Kb5 38. g4 Kb4 39. Nd2 Ra5 40. Rc1 Ra7 41. Ke3 Rc7 42. Rb1 Kc3 43. Rc1+ Kb2 44. Rb1+ Kc2 45. g5 e5 46. fxe5 fxe5 47. Re1 Bxb3 48. Nf3 Re7 49. Ke4 c4 50. Re2+ Kb1 51. Nd2+ Kc1 52. h5 Bd1 53. Rf2 c3 54. Nc4 c2 55. Kd3 e4+ 56. Kc3 Rc7 57. h6 gxh6 58. gxh6 Kb1 59. Rxc2 Bxc2 60. Kd4 Rxc4+ 0-1

[Event "EU-ch U14"]
[Site "Bratislava"]
[Date "2019.08.09"]
[Round "8"]
[White "Protassov, Vlad"]
[Black "Ribeiro, Rodrigo"]
[Result "1/2-1/2"]
[WhiteElo "1902"]
[BlackElo "1628"]
[PlyCount "93"]
[EventDate "2019.08.02"]
[EventType "swiss"]
[EventRounds "9"]
[EventCountry "SVK"]
[SourceTitle "EXT 2020"]
[Source "ChessBase"]
[SourceDate "2019.10.17"]
[SourceVersion "1"]
[SourceVersionDate "2019.10.17"]
[SourceQuality "1"]

1. d4 d5 2. Nf3 Bf5 3. c4 e6 4. Nc3 Nf6 5. Bf4 Bd6 6. Bxd6 Qxd6 7. c5 Qe7 8. e3 0-0 9. Be2 Nc6 10. 0-0 a5 11. Nh4 Be4 12. Nf3 Bf5 13. a3 h6 14. h3 Bg6 15. b4 b6 16. b5 Na7 17. Na4 Nd7 18. c6 Nf6 19. Ne5 Be4 20. Nc3 Bh7 21. f4 Ne4 22. Nxe4 Bxe4 23. Nd7 Rfd8 24. Bd3 Bxd3 25. Qxd3 f5 26. a4 Nc8 27. Kh2 Nd6 28. Rg1 Qh4 29. Qe2 Ne4 30. g3 Qe7 31. g4 fxg4 32. Rxg4 Kh7 33. Rag1 Rg8 34. Rg6 Nd6 35. Qh5 Nf5 36. Ne5 Raf8 37. Nd7 Re8 38. Ne5 Ref8 39. Nd7 Re8 40. Ne5 Ref8 41. R6g2 Qe8 42. Qe2 Nd6 43. Rg6 Rf6 44. R6g4 Rff8 45. Rg6 Rf6 46. R6g4 Rff8 47. Rg6 1/2-1/2

[Event "EU-ch U14"]
[Site "Bratislava"]
[Date "2019.08.07"]
[Round "6"]
[White "Ribeiro, Rodrigo"]
[Black "Waligora, Franciszek"]
[Result "1-0"]
[WhiteElo "1628"]
[BlackElo "1802"]
[PlyCount "65"]
[EventDate "2019.08.02"]
[EventType "swiss"]
[EventRounds "9"]
[EventCountry "SVK"]
[SourceTitle "EXT 2020"]
[Source "ChessBase"]
[SourceDate "2019.10.17"]
[SourceVersion "1"]
[SourceVersionDate "2019.10.17"]
[SourceQuality "1"]

1. d4 d5 2. c4 e6 3. Nc3 Bb4 4. Bf4 Nf6 5. e3 0-0 6. Bd3 c5 7. Nf3 Qa5 8. Qb3 dxc4 9. Bxc4 b5 10. Be2 Nd5 11. 0-0 c4 12. Qc2 Bxc3 13. bxc3 Qxc3 14. Qb1 Qa5 15. Ng5 g6 16. Bd6 Rd8 17. Bxb8 Nc3 18. Qb2 Nxe2+ 19. Qxe2 Rxb8 20. Qf3 f5 21. a4 b4 22. Qc6 Qb6 23. Qxc4 Ba6 24. Qb3 Bxf1 25. Nxe6 Rd6 26. Ng5+ Kg7 27. Qf7+ Kh6 28. f4 Qb7 29. Rxf1 b3 30. Rb1 Rd7 31. Qf6 b2 32. Ne6 Qe4 33. Qg5# 1-0

[Event "EU-ch U14"]
[Site "Bratislava"]
[Date "2019.08.05"]
[Round "4"]
[White "Ribeiro, Rodrigo"]
[Black "Broz, Jan"]
[Result "1-0"]
[WhiteElo "1628"]
[BlackElo "1335"]
[PlyCount "73"]
[EventDate "2019.08.02"]
[EventType "swiss"]
[EventRounds "9"]
[EventCountry "SVK"]
[SourceTitle "EXT 2020"]
[Source "ChessBase"]
[SourceDate "2019.10.17"]
[SourceVersion "1"]
[SourceVersionDate "2019.10.17"]
[SourceQuality "1"]

1. d4 Nf6 2. c4 c5 3. d5 b5 4. cxb5 a6 5. Bf4 d6 6. e3 g6 7. Nc3 Bg7 8. bxa6 0-0 9. Bb5 Bxa6 10. Bxa6 Nxa6 11. Nge2 Qb6 12. Qd2 Rfb8 13. Rb1 Qb7 14. e4 Nd7 15. 0-0 Nb6 16. b3 Nc8 17. Bh6 Bh8 18. f4 Nb4 19. f5 Nb6 20. fxg6 hxg6 21. Qf4 Bf6 22. a4 Nd7 23. Bg5 Qa6 24. Bxf6 Nxf6 25. Nb5 Qb6 26. Qh6 c4+ 27. Kh1 Nd3 28. Ned4 cxb3 29. Rxb3 Ne5 30. Rxf6 Rxa4 31. Rf1 Ng4 32. Qh4 Nf6 33. Nc3 Rb4 34. Rxb4 Qxb4 35. Nc6 Qc4 36. Nxe7+ Kf8 37. Qxf6 1-0

[Event "EU-ch U14"]
[Site "Bratislava"]
[Date "2019.08.03"]
[Round "2"]
[White "Heldenbergh, Nils"]
[Black "Ribeiro, Rodrigo"]
[Result "1-0"]
[WhiteElo "1883"]
[BlackElo "1628"]
[PlyCount "79"]
[EventDate "2019.08.02"]
[EventType "swiss"]
[EventRounds "9"]
[EventCountry "SVK"]
[SourceTitle "EXT 2020"]
[Source "ChessBase"]
[SourceDate "2019.10.17"]
[SourceVersion "1"]
[SourceVersionDate "2019.10.17"]
[SourceQuality "1"]

1. e4 e5 2. Nf3 d6 3. d4 exd4 4. Nxd4 Nf6 5. Nc3 Be7 6. Bf4 0-0 7. Qd2 Re8 8. 0-0-0 a6 9. f3 b5 10. g4 b4 11. Nd5 Nxd5 12. exd5 a5 13. h4 Bf6 14. g5 Be5 15. h5 f6 16. Bb5 Bd7 17. Ne6 Bxf4 18. Qxf4 fxg5 19. Qd4 Rxe6 20. dxe6 Bc6 21. e7 Qxe7 22. Bxc6 Nxc6 23. Qd5+ Qf7 24. Qxc6 Qf8 25. Qd5+ Kh8 26. Qxg5 h6 27. Qg4 Rd8 28. Rhg1 Qf6 29. Rde1 Rg8 30. Re6 Qf7 31. Qg6 Qf8 32. Kb1 a4 33. Rge1 b3 34. Re8 bxc2+ 35. Kxc2 Qxf3 36. Rxg8+ Kxg8 37. Re8+ Qf8 38. Qe6+ Kh7 39. Rxf8 d5 40. Qg6# 1-0